Impact of the 2022 Energy Crisis on the Importance of Energy Performance Certificates for the Real Estate Market
Certifikáty energetickej hospodárnosti a ich vplyv na odhadovanú trhovú hodnotu nehnuteľností. Snaha o prijatie opatrení na zlepšenie energetickej hospodárnosti budov v Maďarsku. Udržateľnosť a energetická efektívnosť na trhu s nehnuteľnosťami. Charakteristika trhu s nehnuteľnosťami v Maďarsku.
Enregistré dans:
| Auteur principal: | |
|---|---|
| Autres auteurs: | |
| Format: | Chapitre de livre |
| Langue: | anglais |
| Sujets: | |
| Tags: |
Pas de tags, Soyez le premier à ajouter un tag!
|
MARC
| LEADER | 00000naa a2200000 4500 | ||
|---|---|---|---|
| 001 | 0300471 | ||
| 005 | 20240524101555.6 | ||
| 041 | 0 | |a eng | |
| 044 | |a HU | ||
| 245 | 1 | 0 | |a Impact of the 2022 Energy Crisis on the Importance of Energy Performance Certificates for the Real Estate Market |c Dalma Eszter Fekete, Eszter Baranyai |
| 520 | |a Certifikáty energetickej hospodárnosti a ich vplyv na odhadovanú trhovú hodnotu nehnuteľností. Snaha o prijatie opatrení na zlepšenie energetickej hospodárnosti budov v Maďarsku. Udržateľnosť a energetická efektívnosť na trhu s nehnuteľnosťami. Charakteristika trhu s nehnuteľnosťami v Maďarsku. | ||
| 610 | 2 | 0 | |a kríza energetická |
| 610 | 2 | 0 | |a trh realitný |
| 610 | 2 | 0 | |a nehnuteľnosti |
| 610 | 2 | 0 | |a certifikáty |
| 610 | 2 | 0 | |a efektívnosť energetická |
| 610 | 2 | 0 | |a udržateľnosť |
| 610 | 2 | 0 | |a Maďarsko |
| 100 | 1 | |a Fekete, Dalma Eszter | |
| 700 | 1 | |a Baranyai, Eszter | |